Statistics for Currencies from Country Flag- Europe

Click here to take the quiz!

General Stats

  • This quiz has been taken 31 times
  • The average score is 11 of 16

Answer Stats

Answer% Correct
Pound
100%
Euro
93%
Euro
93%
Ruble
93%
Euro
83%
Franc
83%
Krona
76%
Krone
69%
Zloty
69%
Forint
62%
Lev
55%
Koruna
52%
Leu
52%
Denar
48%
Kuna
45%
Hryvnia
41%

Score Distribution

Percentile by Number Answered

Percent of People with Each Score

Your Score History

You have not taken this quiz